Piłkarze Lecha Poznań - nagła śmierć - Statystyki

Ogólne statystyki
  • Ten quiz został rozwiązany 1 429 razy
  • Średni wynik to 12 z 25
Answers on the Grid
Answers color-coded by a green-red scale on the quiz's grid according to % correct below.
Kazimierz Sidorczuk
Krzysztof Kotorowski
Manuel Arboleda
Jacek Bąk
Jan Bednarek
Bartosz Bosacki
Paweł Wojtala
Kamil Jóźwiak
Janusz Kupcewicz
Karol Linetty
Jakub Moder
Rafał Murawski
Mirosław Okoński
Sławomir Peszko
Tomasz Kędziora
Semir Stilic
Teodor Anioła
Jacek Dembiński
Maciej Szczęsny
Mikael Ishak
Andrzej Juskowiak
Dawid Kownacki
Robert Lewandowski
Piotr Reiss
Mirosław Trzeciak
Maciej Żurawski
Artur Boruc
Ivica Krizanac
Radosław Kałużny
Sebastian Walukiewicz
Michał Żewłakow
Tomasz Hajto
Przemysław Frankowski
Zbigniew Boniek
Mateusz Klich
Grzegorz Krychowiak
Kamil Grosicki
Andrzej Rudy
Jakub Błaszczykowski
Łukasz Piszczek
Miroslav Radovic
Lucjan Brychczy
Radosław Gilewicz
Ivi Lopez
Wojciech Kowalczyk
Krzysztof Piątek
Grzegorz Lato
Paweł Brożek
Marek Citko
Tomasz Frankowski
 
Statystyki odpowiedzi
Odpowiedź % Poprawnych
Mikael Ishak
73%
Robert Lewandowski
72%
Jakub Moder
69%
Jan Bednarek
68%
Kamil Jóźwiak
68%
Karol Linetty
68%
Dawid Kownacki
64%
Piotr Reiss
63%
Tomasz Kędziora
63%
Rafał Murawski
62%
Sławomir Peszko
61%
Manuel Arboleda
58%
Semir Stilic
55%
Krzysztof Kotorowski
51%
Teodor Anioła
49%
Bartosz Bosacki
48%
Mirosław Okoński
43%
Andrzej Juskowiak
34%
Maciej Żurawski
31%
Paweł Wojtala
23%
Jacek Dembiński
22%
Mirosław Trzeciak
22%
Jacek Bąk
21%
Janusz Kupcewicz
16%
Kazimierz Sidorczuk
13%
Nie znaleziono quizów pasujących do podanych kryteriów
Rozkład punktacji
Procent ludzi z każdym wynikiem
Percentyl według liczby udzielonych odpowiedzi
Twoja historia wyników
Nie rozwiązałeś tego quizu